[Event "4NCL9495 2nd Season"]
[Site "Various Venues"]
[Date "1994.10.02"]
[Round "2.1"]
[White "Crouch, Colin S"]
[Black "Cooper, John Grantley"]
[Result "1-0"]
[WhiteElo "2405"]
[BlackElo "2380"]
[PlyCount "57"]
[EventDate "1994.10.01"]
[EventType "team-tourn"]
[EventRounds "11"]
[EventCountry "GBR"]
[SourceTitle "BritBase"]
[SourceDate "2020.05.17"]
[SourceVersion "1"]
[SourceVersionDate "2020.05.17"]
[SourceQuality "1"]
[WhiteTeam "Barbican"]
[BlackTeam "South Wales Dragons"]
[WhiteTeamCountry "ENG"]
[BlackTeamCountry "WLS"]

1. d4 Nf6 2. c4 e6 3. Nc3 Bb4 4. f3 d5 5. a3 Bxc3+ 6. bxc3 c5 7. cxd5 Nxd5 8.
dxc5 Qa5 9. e4 Ne7 10. Be3 O-O 11. Qb3 Qc7 12. Bb5 e5 13. Ne2 Nec6 14. O-O Be6
15. Qa4 Na5 16. Rab1 Rd8 17. Ng3 h6 18. Be2 Rd7 19. Rb5 Nbc6 20. Nf5 Rad8 21.
Rbb1 Rd2 22. Bxd2 Rxd2 23. Bb5 Ba2 24. Bxc6 Bxb1 25. Bxb7 Qxb7 26. Qe8+ Kh7 27.
Ne7 h5 28. Qg8+ Kh6 29. Qh8+ 1-0

[Event "4NCL9495 2nd Season"]
[Site "Various Venues"]
[Date "1994.10.02"]
[Round "2.2"]
[White "Zeidler, Sven"]
[Black "Britton, Richard"]
[Result "1/2-1/2"]
[WhiteElo "2215"]
[BlackElo "2320"]
[PlyCount "69"]
[EventDate "1994.10.01"]
[EventType "team-tourn"]
[EventRounds "11"]
[EventCountry "GBR"]
[SourceTitle "BritBase"]
[SourceDate "2020.05.17"]
[SourceVersion "1"]
[SourceVersionDate "2020.05.17"]
[SourceQuality "1"]
[WhiteTeam "South Wales Dragons"]
[BlackTeam "Barbican"]
[WhiteTeamCountry "WLS"]
[BlackTeamCountry "ENG"]

1. e4 c5 2. f4 d5 3. exd5 Nf6 4. Nc3 Nxd5 5. Bb5+ Bd7 6. Qf3 Nxc3 7. Bxd7+ Qxd7
8. dxc3 Qc6 9. Be3 Qxf3 10. Nxf3 e6 11. Ne5 Nd7 12. O-O-O Nxe5 13. fxe5 Be7 14.
Rd2 Rd8 15. Rhd1 Rxd2 16. Rxd2 h6 17. Kd1 Bg5 18. Ke2 Bxe3 19. Kxe3 Ke7 20. Ke4
Rc8 21. Rd3 Rc6 22. Rg3 Ra6 23. Rxg7 Rxa2 24. Rh7 Rxb2 25. Kd3 c4+ 26. Kxc4
Rxc2 27. Rxh6 Rxg2 28. Rh8 Kd7 29. h4 Rg4+ 30. Kd3 Kc6 31. c4 a6 32. h5 b5 33.
cxb5+ axb5 34. h6 Rh4 35. h7 1/2-1/2

[Event "4NCL9495 2nd Season"]
[Site "Various Venues"]
[Date "1994.10.02"]
[Round "2.3"]
[White "Pritchett, Craig William"]
[Black "James, David J"]
[Result "1/2-1/2"]
[WhiteElo "2345"]
[BlackElo "2250"]
[PlyCount "62"]
[EventDate "1994.10.01"]
[EventType "team-tourn"]
[EventRounds "11"]
[EventCountry "GBR"]
[SourceTitle "BritBase"]
[SourceDate "2020.05.17"]
[SourceVersion "1"]
[SourceVersionDate "2020.05.17"]
[SourceQuality "1"]
[WhiteTeam "Barbican"]
[BlackTeam "South Wales Dragons"]
[WhiteTeamCountry "ENG"]
[BlackTeamCountry "WLS"]

1. c4 c5 2. Nf3 Nf6 3. Nc3 d5 4. cxd5 Nxd5 5. e4 Nb4 6. d4 cxd4 7. Bb5+ Bd7 8.
Nxd4 Bxb5 9. Ndxb5 N8c6 10. O-O a6 11. Qxd8+ Rxd8 12. Nc7+ Kd7 13. N7d5 e6 14.
Nb6+ Kc7 15. Nca4 Nc2 16. Rb1 e5 17. Be3 Nxe3 18. fxe3 f6 19. Rfd1 Bd6 20. a3
Rhf8 21. b4 g6 22. Nd5+ Kb8 23. b5 axb5 24. Rxb5 f5 25. Rdb1 Rf7 26. exf5 gxf5
27. Nab6 e4 28. a4 f4 29. exf4 Bxf4 30. Nxf4 Rxf4 31. Nd5 Rf7 1/2-1/2

[Event "4NCL9495 2nd Season"]
[Site "Various Venues"]
[Date "1994.10.02"]
[Round "2.4"]
[White "Morris, Charles F"]
[Black "Byway, Paul V"]
[Result "1-0"]
[WhiteElo "2195"]
[BlackElo "2295"]
[PlyCount "74"]
[EventDate "1994.10.01"]
[EventType "team-tourn"]
[EventRounds "11"]
[EventCountry "GBR"]
[SourceTitle "BritBase"]
[SourceDate "2020.05.17"]
[SourceVersion "1"]
[SourceVersionDate "2020.05.17"]
[SourceQuality "1"]
[WhiteTeam "South Wales Dragons"]
[BlackTeam "Barbican"]
[WhiteTeamCountry "WLS"]
[BlackTeamCountry "ENG"]

1. c4 Nf6 2. Nc3 g6 3. g3 Bg7 4. Bg2 O-O 5. d4 c5 6. Nf3 d6 7. O-O Na6 8. d5
Nc7 9. a4 Rb8 10. Ra2 a6 11. b3 b5 12. axb5 axb5 13. Nd2 e6 14. e4 exd5 15.
exd5 Ng4 16. Nxb5 Nxb5 17. cxb5 Rxb5 18. Nc4 Ne5 19. Bd2 Bg4 20. f3 Bf5 21. Ne3
Bd3 22. Re1 Qb8 23. Ra3 c4 24. b4 Qb6 25. Kh1 Rc8 26. Qc1 Qb8 27. Bc3 f5 28.
Nc2 Bxc2 29. Qxc2 Qb7 30. Rea1 Qxd5 31. Ra7 Nf7 32. Rd1 Qe6 33. Re1 Re5 34.
Bxe5 dxe5 35. Rd1 Rd8 36. Rxd8+ Nxd8 37. Ra8 Qd5 {time} 1-0

[Event "4NCL9495 2nd Season"]
[Site "Various Venues"]
[Date "1994.10.02"]
[Round "2.5"]
[White "Kenworthy, Gary"]
[Black "Smith, Jeff R"]
[Result "0-1"]
[WhiteElo "2290"]
[BlackElo "2205"]
[PlyCount "94"]
[EventDate "1994.10.01"]
[EventType "team-tourn"]
[EventRounds "11"]
[EventCountry "GBR"]
[SourceTitle "BritBase"]
[SourceDate "2020.05.17"]
[SourceVersion "1"]
[SourceVersionDate "2020.05.17"]
[SourceQuality "1"]
[WhiteTeam "Barbican"]
[BlackTeam "South Wales Dragons"]
[WhiteTeamCountry "ENG"]
[BlackTeamCountry "WLS"]

1. e4 e6 2. d4 d5 3. e5 c5 4. Nf3 Nc6 5. Bd3 cxd4 6. O-O Bc5 7. Nbd2 Nge7 8.
Nb3 Bb6 9. Bf4 Ng6 10. Bg3 O-O 11. h4 f5 12. h5 Nh8 13. Bf4 Nf7 14. Re1 Qe7 15.
a4 a5 16. Bb5 Bd7 17. Qd2 Rfc8 18. Rad1 Rc7 19. Re2 Rac8 20. Rde1 Nb4 21. Nbxd4
Bxb5 22. axb5 Nxc2 23. Nxc2 Rxc2 24. Qxc2 Rxc2 25. Rxc2 g5 26. hxg6 hxg6 27.
Be3 Bd8 28. Rec1 g5 29. Rc8 Kg7 30. b6 f4 31. Bc5 Qd7 32. Bd6 Bxb6 33. R8c7
Bxc7 34. Rxc7 Qa4 35. Rxb7 Kg6 36. Re7 Nxd6 37. Rxe6+ Kf7 38. Rxd6 Ke7 39. Rxd5
g4 40. Nd2 Qd1+ 41. Kh2 Qe1 42. f3 g3+ 43. Kh3 Qh1+ 44. Kg4 Qxg2 45. Kxf4 Qh2
46. Ne4 g2+ 47. Kf5 g1=Q 1-0

[Event "4NCL9495 2nd Season"]
[Site "Various Venues"]
[Date "1994.10.02"]
[Round "2.6"]
[White "Saunders, John C"]
[Black "Dunn, Andrew M"]
[Result "1-0"]
[WhiteElo "2250"]
[BlackElo "2240"]
[PlyCount "69"]
[EventDate "1994.10.01"]
[EventType "team-tourn"]
[EventRounds "11"]
[EventCountry "GBR"]
[SourceTitle "BritBase"]
[SourceDate "2020.05.17"]
[SourceVersion "1"]
[SourceVersionDate "2020.05.17"]
[SourceQuality "1"]
[WhiteTeam "South Wales Dragons"]
[BlackTeam "Barbican"]
[WhiteTeamCountry "WLS"]
[BlackTeamCountry "ENG"]

1. e4 c6 2. d4 d5 3. Nd2 dxe4 4. Nxe4 Nd7 5. Bc4 Ngf6 6. Nxf6+ Nxf6 7. c3 e6 8.
Nf3 Qc7 9. Ne5 Bd6 10. Qe2 c5 11. O-O a6 12. a4 b6 13. Bg5 Bxe5 14. dxe5 Nd5
15. f4 h6 16. Bh4 Bb7 17. f5 O-O 18. f6 g6 19. Bxd5 Bxd5 20. Qe3 Kh7 21. Bg5
Rh8 22. Bxh6 Kg8 23. h4 c4 24. Rad1 Qc6 25. Rd2 Be4 26. Qg5 Qc5+ 27. Kh2 Bf5
28. Re1 b5 29. h5 bxa4 30. g4 Bd3 31. Kg3 Rb8 32. Rxd3 cxd3 33. hxg6 d2 34.
gxf7+ Kxf7 35. Qh5+ 1-0

[Event "4NCL9495 2nd Season"]
[Site "Various Venues"]
[Date "1994.10.02"]
[Round "2.1"]
[White "Bates, Richard A"]
[Black "Webster, Andrew"]
[Result "1-0"]
[WhiteElo "2355"]
[BlackElo "2410"]
[PlyCount "43"]
[EventDate "1994.10.01"]
[EventType "team-tourn"]
[EventRounds "11"]
[EventCountry "GBR"]
[SourceTitle "BritBase"]
[SourceDate "2020.05.17"]
[SourceVersion "1"]
[SourceVersionDate "2020.05.17"]
[SourceQuality "1"]
[WhiteTeam "Covent Garden"]
[BlackTeam "Midland Monarchs"]
[WhiteTeamCountry "ENG"]
[BlackTeamCountry "ENG"]

1. d4 d6 2. c4 c6 3. Nf3 Nd7 4. Nc3 Ngf6 5. Qc2 a6 6. e4 e5 7. Be2 b5 8. a3 Bb7
9. O-O Be7 10. b4 O-O 11. Bb2 Re8 12. Rfd1 Qc7 13. Rac1 Rac8 14. a4 exd4 15.
Nxd4 bxc4 16. Bxc4 d5 17. Bb3 Bxb4 18. Nxd5 Qa5 19. Nxb4 Qxb4 20. Nf5 c5 21.
Nd6 Bxe4 22. Qc4 1-0

[Event "4NCL9495 2nd Season"]
[Site "Various Venues"]
[Date "1994.10.02"]
[Round "2.2"]
[White "Ledger, Andrew"]
[Black "Harley, Andrew D"]
[Result "1/2-1/2"]
[WhiteElo "2410"]
[BlackElo "2285"]
[PlyCount "44"]
[EventDate "1994.10.01"]
[EventType "team-tourn"]
[EventRounds "11"]
[EventCountry "GBR"]
[SourceTitle "BritBase"]
[SourceDate "2020.05.17"]
[SourceVersion "1"]
[SourceVersionDate "2020.05.17"]
[SourceQuality "1"]
[WhiteTeam "Midland Monarchs"]
[BlackTeam "Covent Garden"]
[WhiteTeamCountry "ENG"]
[BlackTeamCountry "ENG"]

1. Nf3 Nf6 2. g3 b6 3. Bg2 Bb7 4. O-O e6 5. d3 d5 6. Nbd2 Nbd7 7. e4 dxe4 8.
Ng5 Nc5 9. Ngxe4 Ncxe4 10. dxe4 Bc5 11. Qe2 e5 12. Nc4 Qe7 13. Bg5 h6 14. Bd2
O-O 15. Ne3 Bxe3 16. Qxe3 a5 17. Rfe1 Rad8 18. Bc3 Rfe8 19. a3 Qe6 20. Qe2 c5
21. f3 Nd7 22. Bf1 Nb8 1/2-1/2

[Event "4NCL9495 2nd Season"]
[Site "Various Venues"]
[Date "1994.10.02"]
[Round "2.4"]
[White "Buckley, Graeme"]
[Black "Moore, Gerald"]
[Result "1-0"]
[WhiteElo "2310"]
[BlackElo "2210"]
[PlyCount "45"]
[EventDate "1994.10.01"]
[EventType "team-tourn"]
[EventRounds "11"]
[EventCountry "GBR"]
[SourceTitle "BritBase"]
[SourceDate "2020.05.17"]
[SourceVersion "1"]
[SourceVersionDate "2020.05.17"]
[SourceQuality "1"]
[WhiteTeam "Midland Monarchs"]
[BlackTeam "Covent Garden"]
[WhiteTeamCountry "ENG"]
[BlackTeamCountry "ENG"]

1. d4 Nf6 2. Bg5 Ne4 3. Bh4 c5 4. f3 g5 5. fxe4 gxh4 6. e3 Bh6 7. Kf2 O-O 8.
Qh5 Qb6 9. Nf3 Bg7 10. e5 cxd4 11. exd4 d6 12. Bd3 h6 13. Nbd2 Nc6 14. Nc4 Qd8
15. Rad1 Nb4 16. Be2 Be6 17. exd6 exd6 18. Ne3 f5 19. c3 f4 20. Ng4 Bxg4 21.
Qxg4 Nc2 22. Qe6+ Kh8 23. Bd3 1-0

[Event "4NCL9495 2nd Season"]
[Site "Various Venues"]
[Date "1994.10.02"]
[Round "2.5"]
[White "Lazarus, Simon E"]
[Black "Cooper, Lawrence"]
[Result "0-1"]
[WhiteElo "2088"]
[BlackElo "2305"]
[PlyCount "88"]
[EventDate "1994.10.01"]
[EventType "team-tourn"]
[EventRounds "11"]
[EventCountry "GBR"]
[SourceTitle "BritBase"]
[SourceDate "2020.05.17"]
[SourceVersion "1"]
[SourceVersionDate "2020.05.17"]
[SourceQuality "1"]
[WhiteTeam "Covent Garden"]
[BlackTeam "Midland Monarchs"]
[WhiteTeamCountry "ENG"]
[BlackTeamCountry "ENG"]

1. d4 Nf6 2. c4 e6 3. Nf3 c5 4. e3 d5 5. Nc3 a6 6. a3 dxc4 7. Bxc4 b5 8. Ba2
Bb7 9. O-O cxd4 10. exd4 Be7 11. Re1 O-O 12. Ne5 Nc6 13. Be3 Qc7 14. Nxf7 Rxf7
15. Bxe6 Nd8 16. Bxf7+ Nxf7 17. Rc1 Qd7 18. f3 Nd6 19. Qb3+ Nc4 20. Bf2 Bd5 21.
Nxd5 Nxd5 22. Rxc4 bxc4 23. Qxc4 Bf6 24. Rc1 a5 25. Qa2 Kh8 26. g3 Ne7 27. Rd1
Qd5 28. Qxd5 Nxd5 29. Rc1 Be7 30. Rc6 Kg8 31. Kf1 Kf7 32. Ke2 Rb8 33. Rc2 Ke6
34. Be1 a4 35. Rc6+ Kd7 36. Rc2 Bf6 37. Bf2 Rb3 38. Be1 Ne7 39. Bf2 Nd5 40. Rd2
Kd6 41. Bg1 Be7 42. Bf2 Nb6 43. f4 Kd5 44. Kd1 Nc4 {(last few moves look
suspect - may have been scribbled down after a time scramble)} 0-1

[Event "4NCL9495 2nd Season"]
[Site "Various Venues"]
[Date "1994.10.02"]
[Round "2.6"]
[White "Hunt, Harriet V"]
[Black "Lyell, Mark"]
[Result "1-0"]
[WhiteElo "2265"]
[BlackElo "2260"]
[PlyCount "81"]
[EventDate "1994.10.01"]
[EventType "team-tourn"]
[EventRounds "11"]
[EventCountry "GBR"]
[SourceTitle "BritBase"]
[SourceDate "2020.05.17"]
[SourceVersion "1"]
[SourceVersionDate "2020.05.17"]
[SourceQuality "1"]
[WhiteTeam "Midland Monarchs"]
[BlackTeam "Covent Garden"]
[WhiteTeamCountry "ENG"]
[BlackTeamCountry "ENG"]

1. e4 e5 2. Nf3 Nc6 3. Bb5 f5 4. Nc3 fxe4 5. Nxe4 d5 6. Nxe5 dxe4 7. Nxc6 Qd5
8. c4 Qd6 9. Nxa7+ Bd7 10. Bxd7+ Qxd7 11. Nb5 Nf6 12. O-O Bc5 13. d4 exd3 14.
Re1+ Kf7 15. Bf4 Rac8 16. Qd2 c6 17. Nc3 Rhe8 18. h3 Bb4 19. Be5 Qf5 20. Bxf6
gxf6 21. a3 Bc5 22. Rad1 Rg8 23. Ne4 Qf3 24. Qg5 Bxf2+ 25. Kf1 Bxe1+ 26. gxf3
fxg5 27. Kxe1 Rcd8 28. c5 d2+ 29. Ke2 Rd5 30. b4 Ra8 31. Rxd2 Rxd2+ 32. Kxd2
Kg6 33. Nd6 b6 34. cxb6 Rd8 35. Kc3 Rxd6 36. a4 Rd8 37. a5 Rb8 38. Kc4 Kf6 39.
Kc5 Ke6 40. a6 Kd7 41. a7 {(Last few moves of the score don't make much sense
but this looks to be roughly what happened)} 1-0

[Event "4NCL9495 2nd Season"]
[Site "Various Venues"]
[Date "1994.10.02"]
[Round "2.7"]
[White "Franklin, Michael J"]
[Black "Baker, Chris W"]
[Result "1-0"]
[WhiteElo "2240"]
[BlackElo "2260"]
[PlyCount "67"]
[EventDate "1994.10.01"]
[EventType "team-tourn"]
[EventRounds "11"]
[EventCountry "GBR"]
[SourceTitle "BritBase"]
[SourceDate "2020.05.17"]
[SourceVersion "1"]
[SourceVersionDate "2020.05.17"]
[SourceQuality "1"]
[WhiteTeam "Covent Garden"]
[BlackTeam "Midland Monarchs"]
[WhiteTeamCountry "ENG"]
[BlackTeamCountry "ENG"]

1. d4 Nf6 2. Nf3 e6 3. e3 Be7 4. Bd3 c5 5. O-O Nc6 6. c3 Qc7 7. Nbd2 b6 8. Qe2
Bb7 9. a3 d5 10. dxc5 Bxc5 11. b4 Bd6 12. Bb2 Ng4 13. h3 Nge5 14. Nxe5 Nxe5 15.
Bb5+ Ke7 16. f4 Ng6 17. c4 a6 18. Ba4 dxc4 19. Nxc4 b5 20. Nxd6 Qxd6 21. Rfd1
Qc6 22. Rac1 Qxg2+ 23. Qxg2 Bxg2 24. Kxg2 bxa4 25. Rc7+ Ke8 26. Rdd7 Rf8 27.
Kf2 Rc8 28. Bxg7 Rxc7 29. Rxc7 Kd8 30. Ra7 Re8 31. Rxa6 Kc7 32. Rxa4 Kc6 33.
Bf6 Kd5 34. Kf3 1-0

[Event "4NCL9495 2nd Season"]
[Site "Various Venues"]
[Date "1994.10.02"]
[Round "2.1"]
[White "Ansell, Simon"]
[Black "McDonald, Neil R"]
[Result "0-1"]
[WhiteElo "2320"]
[BlackElo "2460"]
[PlyCount "118"]
[EventDate "1994.10.01"]
[EventType "team-tourn"]
[EventRounds "11"]
[EventCountry "GBR"]
[SourceTitle "BritBase"]
[SourceDate "2020.05.17"]
[SourceVersion "1"]
[SourceVersionDate "2020.05.17"]
[SourceQuality "1"]
[WhiteTeam "Witney"]
[BlackTeam "Invicta Knights"]
[WhiteTeamCountry "ENG"]
[BlackTeamCountry "ENG"]

1. e4 c5 2. Nf3 Nc6 3. Bb5 d6 4. O-O Bd7 5. c3 a6 6. Ba4 c4 7. d4 cxd3 8. Qxd3
g6 9. Be3 Bg7 10. Nbd2 Nf6 11. h3 O-O 12. Bc2 d5 13. Qe2 Qc7 14. Bc5 dxe4 15.
Nxe4 Nxe4 16. Bxe4 Ne5 17. Nxe5 Bxe5 18. Bd4 Bxd4 19. cxd4 Bb5 20. Bd3 Bxd3 21.
Qxd3 Rfd8 22. Qe3 Rd5 23. Rac1 Qd6 24. Rfe1 e6 25. Qb3 Rb5 26. Qc3 Rd8 27. Re4
Qd5 28. Re5 Qxa2 29. Rxb5 axb5 30. Qc7 Rf8 31. b4 Qd2 32. Qc3 Qxc3 33. Rxc3 Rd8
34. Rc5 Rxd4 35. Rxb5 Rd7 36. Kf1 Kf8 37. Ke2 Ke7 38. Ke3 Kd8 39. h4 h5 40. g3
Kc7 41. Rc5+ Kb6 42. Ke4 Rd5 43. Rc2 Rb5 44. Rc4 Rf5 45. f4 Kb5 46. Kd3 Rd5+
47. Kc3 Rd1 48. Rc5+ Kb6 49. Re5 Rg1 50. Re3 Kc6 51. Kd4 Kd6 52. Rd3 b5 53.
Ke4+ Ke7 54. Ke5 Re1+ 55. Kd4 Rc1 56. Rb3 Rc4+ 57. Ke3 Kf6 58. Ke2 Kf5 59. Kf3
f6 0-1

[Event "4NCL9495 2nd Season"]
[Site "Various Venues"]
[Date "1994.10.02"]
[Round "2.2"]
[White "Dickenson, Neil F"]
[Black "Cobb, James"]
[Result "1/2-1/2"]
[WhiteElo "2315"]
[BlackElo "2265"]
[PlyCount "68"]
[EventDate "1994.10.01"]
[EventType "team-tourn"]
[EventRounds "11"]
[EventCountry "GBR"]
[SourceTitle "BritBase"]
[SourceDate "2020.05.17"]
[SourceVersion "1"]
[SourceVersionDate "2020.05.17"]
[SourceQuality "1"]
[WhiteTeam "Invicta Knights"]
[BlackTeam "Witney"]
[WhiteTeamCountry "ENG"]
[BlackTeamCountry "ENG"]

1. d4 Nf6 2. c4 e6 3. Nc3 d5 4. cxd5 exd5 5. Bg5 Be7 6. e3 O-O 7. Bd3 Nbd7 8.
Qc2 Re8 9. Nge2 b6 10. b4 h6 11. Bxf6 Nxf6 12. Qb3 c6 13. Rc1 Qd6 14. b5 c5 15.
Bb1 Be6 16. O-O Ng4 17. g3 Bg5 18. Nd1 Be7 19. Nf4 Rac8 20. Qd3 Nf6 21. Nc3 c4
22. Qc2 Qd7 23. f3 Bb4 24. Qa4 a5 25. Qc2 Bxc3 26. Qxc3 Qxb5 27. e4 Qb4 28. Qc2
c3 29. Rcd1 Bd7 30. e5 Ba4 31. Qf5 Bd7 32. Qd3 Bb5 33. Qf5 Bd7 34. Qd3 Bb5
1/2-1/2

[Event "4NCL9495 2nd Season"]
[Site "Various Venues"]
[Date "1994.10.02"]
[Round "2.3"]
[White "Brooks, Phil J"]
[Black "Hanreck, Alan E"]
[Result "1/2-1/2"]
[WhiteElo "2240"]
[BlackElo "2245"]
[PlyCount "60"]
[EventDate "1994.10.01"]
[EventType "team-tourn"]
[EventRounds "11"]
[EventCountry "GBR"]
[SourceTitle "BritBase"]
[SourceDate "2020.05.17"]
[SourceVersion "1"]
[SourceVersionDate "2020.05.17"]
[SourceQuality "1"]
[WhiteTeam "Witney"]
[BlackTeam "Invicta Knights"]
[WhiteTeamCountry "ENG"]
[BlackTeamCountry "ENG"]

1. d4 Nf6 2. c4 d6 3. Nc3 e5 4. Nf3 Nbd7 5. Bg5 c6 6. e3 Qa5 7. Qc2 Be7 8. Bd3
a6 9. O-O h6 10. Bh4 O-O 11. a3 Re8 12. b4 Qc7 13. Rfd1 b6 14. Bf5 Nf8 15. dxe5
dxe5 16. Bg3 N6d7 17. Rd2 g6 18. Bxd7 Nxd7 19. Rad1 Bf8 20. Ne4 Bg7 21. Nd6 Re7
22. h4 h5 23. Ng5 Nf8 24. c5 b5 25. Nxc8 Rxc8 26. Qb3 a5 27. Rd6 axb4 28. axb4
Qa7 29. Kh2 Qa8 30. Qb1 Ra7 {... five more moves written in legible but
utterly incomprehensible long algebraic! It looks like "31.Ng4-f4 Nf6-e6 32.
Rd6-d7 Rc7-c6 33.RxR RxR 34.Ne4-d6 Nd6-c8 35.Rd7-c7 Nc8-d6"... 35 moves}
1/2-1/2

[Event "4NCL9495 2nd Season"]
[Site "Various Venues"]
[Date "1994.10.02"]
[Round "2.4"]
[White "Chandler, Clifford R"]
[Black "Cobb, Charles"]
[Result "0-1"]
[WhiteElo "2260"]
[BlackElo "2170"]
[PlyCount "56"]
[EventDate "1994.10.01"]
[EventType "team-tourn"]
[EventRounds "11"]
[EventCountry "GBR"]
[SourceTitle "BritBase"]
[SourceDate "2020.05.17"]
[SourceVersion "1"]
[SourceVersionDate "2020.05.17"]
[SourceQuality "1"]
[WhiteTeam "Invicta Knights"]
[BlackTeam "Witney"]
[WhiteTeamCountry "ENG"]
[BlackTeamCountry "ENG"]

1. d4 e6 2. e4 d5 3. exd5 exd5 4. Nf3 Nf6 5. c4 Bb4+ 6. Nc3 O-O 7. Be2 dxc4 8.
O-O Bg4 9. Ne5 Bxe2 10. Nxe2 Nbd7 11. Nxc4 Nb6 12. Nxb6 axb6 13. Bg5 Be7 14.
Nc3 Ra5 15. Qd2 h6 16. Bxf6 Bxf6 17. Rfd1 Re8 18. Qf4 Qd7 19. Rd3 Rf5 20. Qd2
Bg5 21. Qc2 Rf4 22. d5 Bf6 23. Rf1 Bxc3 24. Qxc3 Rf5 25. d6 cxd6 26. Qb4 Qb5
27. Qxd6 Qxb2 28. Qd7 Qxf2+ 0-1

[Event "4NCL9495 2nd Season"]
[Site "Various Venues"]
[Date "1994.10.02"]
[Round "2.5"]
[White "Haydon, Richard"]
[Black "Harakis, Alexis"]
[Result "1/2-1/2"]
[WhiteElo "2190"]
[BlackElo "2170"]
[PlyCount "40"]
[EventDate "1994.10.01"]
[EventType "team-tourn"]
[EventRounds "11"]
[EventCountry "GBR"]
[SourceTitle "BritBase"]
[SourceDate "2020.05.17"]
[SourceVersion "1"]
[SourceVersionDate "2020.05.17"]
[SourceQuality "1"]
[WhiteTeam "Witney"]
[BlackTeam "Invicta Knights"]
[WhiteTeamCountry "ENG"]
[BlackTeamCountry "ENG"]

1. Nf3 Nf6 2. c4 e6 3. g3 d5 4. d4 Be7 5. Bg2 O-O 6. O-O c6 7. b3 b5 8. Nbd2
Nbd7 9. Bb2 a5 10. Qc2 Ba6 11. c5 Ne8 12. a3 f5 13. b4 a4 14. Ne1 Nef6 15. Nd3
Qe8 16. f3 Bc8 17. Rae1 Bd8 18. e4 Qf7 19. Re2 g6 20. Rfe1 Nh5 1/2-1/2

[Event "4NCL9495 2nd Season"]
[Site "Various Venues"]
[Date "1994.10.02"]
[Round "2.6"]
[White "Wood, Stephen"]
[Black "Headlong, Timothy"]
[Result "1/2-1/2"]
[WhiteElo "2260"]
[BlackElo "2195"]
[PlyCount "45"]
[EventDate "1994.10.01"]
[EventType "team-tourn"]
[EventRounds "11"]
[EventCountry "GBR"]
[SourceTitle "BritBase"]
[SourceDate "2020.05.17"]
[SourceVersion "1"]
[SourceVersionDate "2020.05.17"]
[SourceQuality "1"]
[WhiteTeam "Invicta Knights"]
[BlackTeam "Witney"]
[WhiteTeamCountry "ENG"]
[BlackTeamCountry "ENG"]

1. e4 c6 2. d4 d5 3. exd5 cxd5 4. c4 Nf6 5. Nc3 Nc6 6. Nf3 Bg4 7. cxd5 Nxd5 8.
Qb3 Bxf3 9. gxf3 Nb6 10. Be3 e6 11. O-O-O Be7 12. d5 exd5 13. Bxb6 Qxb6 14.
Qxb6 axb6 15. Nxd5 O-O 16. Nxe7+ Nxe7 17. Rd7 Rac8+ 18. Kb1 Rfd8 19. Bb5 Rxd7
20. Bxd7 Rd8 21. Bb5 Nc6 22. Rc1 Rd6 23. Rc3 1/2-1/2

[Event "4NCL9495 2nd Season"]
[Site "Various Venues"]
[Date "1994.10.02"]
[Round "2.1"]
[White "King, Daniel J"]
[Black "Summerscale, Aaron"]
[Result "1-0"]
[WhiteElo "2500"]
[BlackElo "2435"]
[PlyCount "60"]
[EventDate "1994.10.01"]
[EventType "team-tourn"]
[EventRounds "11"]
[EventCountry "GBR"]
[SourceTitle "BritBase"]
[SourceDate "2020.05.17"]
[SourceVersion "1"]
[SourceVersionDate "2020.05.17"]
[SourceQuality "1"]
[WhiteTeam "Na Fianna"]
[BlackTeam "Slough"]
[WhiteTeamCountry "IRL"]
[BlackTeamCountry "ENG"]

1. g3 d5 2. Bg2 e5 3. d3 c5 4. Nc3 Be6 5. e4 d4 6. Nce2 Nc6 7. f4 f6 8. Nf3 Bd6
9. c4 Nge7 10. O-O Qd7 11. a3 exf4 12. gxf4 f5 13. e5 Bc7 14. b4 Bb6 15. Rb1 h6
16. Qb3 Rb8 17. Bd2 O-O 18. Rb2 Rfc8 19. Rfb1 a5 20. Qd1 Rc7 21. bxa5 Bxa5 22.
Bxa5 Nxa5 23. Rb5 Ra8 24. Nd2 Ra7 25. Nb3 Nxb3 26. Qxb3 g5 27. Rxb7 Rcxb7 28.
Bxb7 Ng6 29. Bd5 Nf8 30. Qb6 Rc7 {... incomplete score... c.33 moves} 1-0

[Event "4NCL9495 2nd Season"]
[Site "Various Venues"]
[Date "1994.10.02"]
[Round "2.2"]
[White "Cummings, David H"]
[Black "O'Shaughnessy, Conor"]
[Result "1-0"]
[WhiteElo "2375"]
[BlackElo "2215"]
[PlyCount "39"]
[EventDate "1994.10.01"]
[EventType "team-tourn"]
[EventRounds "11"]
[EventCountry "GBR"]
[SourceTitle "BritBase"]
[SourceDate "2020.05.17"]
[SourceVersion "1"]
[SourceVersionDate "2020.05.17"]
[SourceQuality "1"]
[WhiteTeam "Slough"]
[BlackTeam "Na Fianna"]
[WhiteTeamCountry "ENG"]
[BlackTeamCountry "IRL"]

1. d4 Nf6 2. c4 e6 3. Nc3 c5 4. d5 exd5 5. cxd5 d6 6. e4 g6 7. f4 Bg7 8. Bb5+
Nfd7 9. a4 O-O 10. Nf3 a6 11. Be2 Nf6 12. O-O Bg4 13. e5 dxe5 14. fxe5 Nfd7 15.
Bg5 f6 16. exf6 Bxf6 17. Bxf6 Nxf6 18. Ng5 Bxe2 19. Qxe2 Qe8 20. Rxf6 1-0

[Event "4NCL9495 2nd Season"]
[Site "Various Venues"]
[Date "1994.10.02"]
[Round "2.3"]
[White "Ludgate, Alan Templeton"]
[Black "Agnos, Demetrios"]
[Result "1-0"]
[WhiteElo "2280"]
[BlackElo "2445"]
[PlyCount "71"]
[EventDate "1994.10.01"]
[EventType "team-tourn"]
[EventRounds "11"]
[EventCountry "GBR"]
[SourceTitle "BritBase"]
[SourceDate "2020.05.17"]
[SourceVersion "1"]
[SourceVersionDate "2020.05.17"]
[SourceQuality "1"]
[WhiteTeam "Na Fianna"]
[BlackTeam "Slough"]
[WhiteTeamCountry "IRL"]
[BlackTeamCountry "ENG"]

1. c4 Nf6 2. Nc3 c5 3. e4 Nc6 4. Nge2 e6 5. g3 Ne5 6. Nf4 a6 7. a4 Be7 8. Be2
O-O 9. O-O Qc7 10. d3 Nc6 11. Ng2 d6 12. f4 Nd4 13. Ne3 b6 14. b3 Bb7 15. Ra2
Nd7 16. Bb2 g6 17. Rf2 f5 18. Bf1 Bf6 19. Bg2 Bg7 20. Ne2 a5 21. Nxd4 cxd4 22.
Nc2 e5 23. Na3 Nc5 24. Nb5 Qd7 25. exf5 Bxg2 26. Kxg2 gxf5 27. Qf3 Kh8 28. Ba3
e4 29. dxe4 fxe4 30. Qd1 d5 31. cxd5 e3 32. Rf3 Qxd5 33. Nc7 Qe4 34. Nxa8 d3
35. Bxc5 bxc5 36. Nb6 1-0